000 01016cas a2200289 a 4500
008
049 _aMAIN
090 0 _aREF HA155
245 0 0 _aPocket world in figures.
260 _aLondon, England :
_bPenguin Group ,
300 _av. ;
_c20 cm.
500 _aAt head of title: The Economist.
500 _aPublished: New York, N.Y. : John Wiley & Sons, Inc., 1998- ; London : Economist in association with Profile Books, <2002->
500 _aDescription based on: 1998 ed.
500 _aLatest issue consulted: 2003 ed.
650 0 _aStatistics
_vPeriodicals.
650 0 _aEconomic indicators
_vPeriodicals.
650 0 _aSocial indicators
_vPeriodicals.
650 0 _aPopulation
_vStatistics
_vPeriodicals.
650 0 _aQuality of life
_vStatistics
_vPeriodicals.
730 0 _aEconomist (London, England : 1843)
907 _a.b10199809
_b15-01-07
_c27-04-06
003
005 20230123134209.0
040 _cNUST
942 _cBOOKS
_kREF HA155
999 _c161709
_d161709